[Event "SVK-chT1E 2223"]
[Site "Slovakia"]
[Date "2023.02.04"]
[Round "8.5"]
[White "Klemanic, Emil"]
[Black "Papanetz, Peter"]
[Result "1/2-1/2"]
[WhiteElo "2108"]
[BlackElo "2100"]
[PlyCount "47"]
[EventDate "2022.10.15"]
[EventType "team-tourn"]
[EventRounds "11"]
[EventCountry "SVK"]
[SourceTitle "EXT 2024"]
[Source "ChessBase"]
[SourceDate "2023.10.10"]
[SourceVersion "1"]
[SourceVersionDate "2023.10.10"]
[SourceQuality "1"]
[WhiteTeam "Kosice Slavia UPJS"]
[BlackTeam "Zvolen Slavia"]
[WhiteTeamCountry "SVK"]
[BlackTeamCountry "SVK"]

1. e4 c5 2. Nc3 Nc6 3. g3 e6 4. Bg2 Nge7 5. d3 Nd4 6. Nge2 Nec6 7. Nxd4 cxd4 8. Ne2 Bc5 9. 0-0 0-0 10. c3 a5 11. Qa4 Rb8 12. c4 d6 13. a3 Bd7 14. Qc2 b5 15. cxb5 Rxb5 16. Bd2 Qb6 17. Rfb1 Rb8 18. Bc1 Rb3 19. Nf4 Ne5 20. Bf1 a4 21. Nh5 Bb5 22. Qd1 f5 23. exf5 exf5 24. Nf4 1/2-1/2

[Event "SVK-chT2D 1920"]
[Site "Slovakia"]
[Date "2020.03.07"]
[Round "10.4"]
[White "Panko, Radoslav"]
[Black "Klemanic, Emil"]
[Result "1-0"]
[WhiteElo "2022"]
[BlackElo "2105"]
[PlyCount "35"]
[EventDate "2019.10.26"]
[EventType "team-tourn"]
[EventRounds "11"]
[EventCountry "SVK"]
[SourceTitle "EXT 2022"]
[Source "ChessBase"]
[SourceDate "2021.10.06"]
[SourceVersion "1"]
[SourceVersionDate "2021.10.06"]
[SourceQuality "1"]
[WhiteTeam "Stropkov/Svidnik"]
[BlackTeam "Kosice Slavia UPJS III"]
[WhiteTeamCountry "SVK"]
[BlackTeamCountry "SVK"]

1. e3 d5 2. f4 g6 3. Nf3 Bg7 4. Be2 c5 5. 0-0 Nc6 6. d3 Qb6 7. Nc3 Nf6 8. Bd2 a6 9. Qe1 0-0 10. e4 d4 11. Nd1 Nb4 12. Qh4 Nxc2 13. Rc1 Nb4 14. a3 Nc6 15. f5 gxf5 16. Bh6 Bxh6 17. Qxh6 fxe4 18. Ng5 1-0

[Event "SVK-chT 1920"]
[Site "Slovakia"]
[Date "2020.02.29"]
[Round "7.6"]
[White "Zpevak, Pavel"]
[Black "Klemanic, Emil"]
[Result "1-0"]
[WhiteElo "2341"]
[BlackElo "2110"]
[PlyCount "67"]
[EventDate "2019.10.19"]
[EventType "team-tourn"]
[EventRounds "11"]
[EventCountry "SVK"]
[SourceTitle "CBM 195 Extra"]
[Source "ChessBase"]
[SourceDate "2020.05.31"]
[SourceVersion "1"]
[SourceVersionDate "2020.05.31"]
[SourceQuality "1"]
[WhiteTeam "Dubnica nad Vahom"]
[BlackTeam "Kosice Slavia UPJS"]
[WhiteTeamCountry "SVK"]
[BlackTeamCountry "SVK"]

1. d4 Nf6 2. c4 d6 3. Nf3 g6 4. Nc3 Bg7 5. Bg5 0-0 6. e3 h6 7. Bh4 g5 8. Bg3 Nh5 9. Qc2 f5 10. 0-0-0 e6 11. Be2 Nd7 12. Ne1 Ndf6 13. f3 Nxg3 14. hxg3 Bd7 15. Nd3 a6 16. e4 Qe8 17. e5 Nh7 18. f4 g4 19. Rhe1 dxe5 20. Nxe5 Bxe5 21. fxe5 Ng5 22. Bd3 b5 23. Rh1 Kg7 24. Ne2 Qe7 25. Nf4 Be8 26. Rde1 c6 27. d5 cxd5 28. cxd5 Qd8 29. Kb1 Rc8 30. Qd2 exd5 31. Ne6+ Nxe6 32. Qxh6+ Kf7 33. Qh7+ Ng7 34. e6+ 1-0

[Event "SVK-chT2A 1819"]
[Site "Slovakia"]
[Date "2018.11.17"]
[Round "3.3"]
[White "Klemanic, Emil"]
[Black "Karas, Marek"]
[Result "1/2-1/2"]
[WhiteElo "2130"]
[BlackElo "2261"]
[PlyCount "44"]
[EventDate "2018.10.13"]
[EventType "team-tourn"]
[EventRounds "11"]
[EventCountry "SVK"]
[SourceTitle "CBM 189 Extra"]
[Source "ChessBase"]
[SourceDate "2019.06.03"]
[SourceVersion "1"]
[SourceVersionDate "2019.06.03"]
[SourceQuality "1"]
[WhiteTeam "Pezinok"]
[BlackTeam "Osuske II"]
[WhiteTeamCountry "SVK"]
[BlackTeamCountry "SVK"]

1. e4 c6 2. d4 d5 3. f3 e6 4. e5 c5 5. c3 Nc6 6. f4 Qb6 7. Nf3 Bd7 8. Qb3 cxd4 9. Qxb6 axb6 10. cxd4 Nb4 11. Na3 Rxa3 12. bxa3 Nc2+ 13. Kd2 Nxa1 14. Bb2 Nh6 15. Bd3 Be7 16. Rxa1 0-0 17. Rc1 Bc6 18. Rc3 Ra8 19. Rb3 Bd8 20. Bc3 f6 21. Bb4 Bc7 22. Rb1 Nf7 1/2-1/2

[Event "Kosice Kotan Memorial"]
[Site "Kosice"]
[Date "2018.07.27"]
[Round "8"]
[White "Klemanic, Emil"]
[Black "Najgebauer, Szemjon"]
[Result "1/2-1/2"]
[WhiteElo "2105"]
[BlackElo "2163"]
[PlyCount "27"]
[EventDate "2018.07.21"]
[EventType "swiss"]
[EventRounds "9"]
[EventCountry "SVK"]
[SourceTitle "EXT 2019"]
[Source "ChessBase"]
[SourceDate "2018.10.10"]
[SourceVersion "1"]
[SourceVersionDate "2018.10.10"]
[SourceQuality "1"]

1. Nf3 d5 2. g3 Nf6 3. Bg2 b6 4. d4 Bb7 5. b3 e6 6. Bb2 Be7 7. Nbd2 0-0 8. 0-0 Nbd7 9. c4 c5 10. Rc1 Rc8 11. Re1 dxc4 12. Nxc4 cxd4 13. Nxd4 Bxg2 14. Kxg2 1/2-1/2

[Event "SVK-chT1E 1718"]
[Site "Slovakia"]
[Date "2018.02.17"]
[Round "8.5"]
[White "Miciak, Maros"]
[Black "Klemanic, Emil"]
[Result "1/2-1/2"]
[WhiteElo "2152"]
[BlackElo "2095"]
[PlyCount "36"]
[EventDate "2017.10.21"]
[EventType "team-tourn"]
[EventRounds "11"]
[EventCountry "SVK"]
[SourceTitle "EXT 2019"]
[Source "ChessBase"]
[SourceDate "2018.10.10"]
[SourceVersion "1"]
[SourceVersionDate "2018.10.10"]
[SourceQuality "1"]
[WhiteTeam "Kysucke Nove Mesto"]
[BlackTeam "Kosice Slavia TU II"]
[WhiteTeamCountry "SVK"]
[BlackTeamCountry "SVK"]

1. e4 d6 2. d4 Nf6 3. Bd3 e5 4. c3 g6 5. Bg5 Nbd7 6. Ne2 Bg7 7. 0-0 h6 8. Bd2 0-0 9. f4 c5 10. fxe5 dxe5 11. d5 c4 12. Bxc4 Qb6+ 13. Kh1 Nxe4 14. Qc2 Nf2+ 15. Kg1 Nh3+ 16. Kh1 Nf2+ 17. Kg1 Nh3+ 18. Kh1 Nf2+ 1/2-1/2

[Event "SVK-chT 1718"]
[Site "Slovakia"]
[Date "2018.01.07"]
[Round "8.4"]
[White "Klemanic, Emil"]
[Black "Veres, Andrej"]
[Result "1/2-1/2"]
[WhiteElo "2116"]
[BlackElo "2232"]
[PlyCount "31"]
[EventDate "2017.09.30"]
[EventType "team-tourn"]
[EventRounds "11"]
[EventCountry "SVK"]
[SourceTitle "EXT 2019"]
[Source "ChessBase"]
[SourceDate "2018.10.10"]
[SourceVersion "1"]
[SourceVersionDate "2018.10.10"]
[SourceQuality "1"]
[WhiteTeam "Kosice Slavia UPJS"]
[BlackTeam "Dubnica nad Vahom"]
[WhiteTeamCountry "SVK"]
[BlackTeamCountry "SVK"]

1. e4 e5 2. Nc3 Nf6 3. f4 d5 4. fxe5 Nxe4 5. Nf3 c5 6. d3 Nxc3 7. bxc3 Nc6 8. Be2 Be7 9. 0-0 0-0 10. Qe1 f6 11. d4 cxd4 12. cxd4 Qb6 13. exf6 Bxf6 14. Be3 Re8 15. Qd2 Bg4 16. c3 1/2-1/2

[Event "SVK-chT1E 1718"]
[Site "Slovakia"]
[Date "2017.11.04"]
[Round "3.8"]
[White "Urhegyi, Ferenc"]
[Black "Klemanic, Emil"]
[Result "1/2-1/2"]
[WhiteElo "1863"]
[BlackElo "2115"]
[PlyCount "41"]
[EventDate "2017.10.21"]
[EventType "team-tourn"]
[EventRounds "11"]
[EventCountry "SVK"]
[SourceTitle "CBM 181 Extra"]
[Source "ChessBase"]
[SourceDate "2017.12.12"]
[SourceVersion "1"]
[SourceVersionDate "2017.12.12"]
[SourceQuality "1"]
[WhiteTeam "Cebovce"]
[BlackTeam "Kosice Slavia TU II"]
[WhiteTeamCountry "SVK"]
[BlackTeamCountry "SVK"]

1. e4 d6 2. d4 Nf6 3. Nc3 e5 4. dxe5 dxe5 5. Qxd8+ Kxd8 6. Bc4 Be6 7. Bxe6 fxe6 8. Nf3 Bd6 9. Bg5 Nbd7 10. 0-0-0 a6 11. Bh4 Ke7 12. Bg3 b5 13. Rhe1 Rhb8 14. Nd2 h6 15. f3 Bc5 16. Re2 Nh5 17. Nb3 Nxg3 18. hxg3 Bb6 19. Kb1 h5 20. Red2 Rd8 21. a3 1/2-1/2

[Event "SVK-chT 1617"]
[Site "Slovakia"]
[Date "2016.12.17"]
[Round "3.2"]
[White "Szucs, Vladimir"]
[Black "Klemanic, Emil"]
[Result "1/2-1/2"]
[WhiteElo "2177"]
[BlackElo "2182"]
[PlyCount "30"]
[EventDate "2016.10.22"]
[EventType "team-tourn"]
[EventRounds "11"]
[EventCountry "SVK"]
[SourceTitle "CBM 177 Extra"]
[Source "ChessBase"]
[SourceDate "2017.04.27"]
[SourceVersion "1"]
[SourceVersionDate "2017.04.27"]
[SourceQuality "1"]
[WhiteTeam "Prakovce"]
[BlackTeam "Kosice Slavia UPJS"]
[WhiteTeamCountry "SVK"]
[BlackTeamCountry "SVK"]

1. Nf3 Nf6 2. d4 g6 3. c4 Bg7 4. Nc3 d6 5. e4 0-0 6. Be2 e5 7. 0-0 Nbd7 8. Re1 exd4 9. Nxd4 Nc5 10. f3 a5 11. Be3 c6 12. Qd2 Qc7 13. Rad1 b6 14. Nc2 Ne8 15. Bd4 Bxd4+ 1/2-1/2

[Event "SVK-chT 1617"]
[Site "Slovakia"]
[Date "2016.10.22"]
[Round "1.1"]
[White "Tropp, Oliver"]
[Black "Klemanic, Emil"]
[Result "1/2-1/2"]
[WhiteElo "2230"]
[BlackElo "2182"]
[PlyCount "72"]
[EventDate "2016.10.22"]
[EventType "team-tourn"]
[EventRounds "11"]
[EventCountry "SVK"]
[SourceTitle "CBM 175 Extra"]
[Source "ChessBase"]
[SourceDate "2016.12.12"]
[SourceVersion "1"]
[SourceVersionDate "2016.12.12"]
[SourceQuality "1"]
[WhiteTeam "Liptov Chess School"]
[BlackTeam "Kosice Slavia UPJS"]
[WhiteTeamCountry "SVK"]
[BlackTeamCountry "SVK"]

1. c4 e5 2. Nc3 Nc6 3. Nf3 g6 4. d4 exd4 5. Nxd4 Bg7 6. Nxc6 bxc6 7. e4 d6 8. Be2 Ne7 9. Bg5 0-0 10. Qd2 c5 11. h4 Be6 12. h5 Qd7 13. Bh6 Bd4 14. Bxf8 Rxf8 15. Nb5 Bg7 16. Qa5 c6 17. Nc3 f5 18. hxg6 Nxg6 19. 0-0-0 Bd4 20. f3 fxe4 21. Nxe4 Nf4 22. Bf1 Qg7 23. Nxd6 Bxb2+ 24. Kc2 Nxg2 25. Bxg2 Qxg2+ 26. Qd2 Qxd2+ 27. Rxd2 Bd4 28. Rg2+ Kh8 29. Re2 Bg8 30. Re7 Rxf3 31. Rxa7 Be5 32. Ne4 Bxc4 33. Rhxh7+ Kg8 34. Rhd7 Bd4 35. Nd6 Rf2+ 36. Kd1 Rf1+ 1/2-1/2

[Event "SVK-chT2D 1617"]
[Site "Slovakia"]
[Date "2016.10.08"]
[Round "1.4"]
[White "Klemanic, Emil"]
[Black "Panko, Radoslav"]
[Result "0-1"]
[WhiteElo "2159"]
[BlackElo "1903"]
[PlyCount "94"]
[EventDate "2016.10.08"]
[EventType "team-tourn"]
[EventRounds "11"]
[EventCountry "SVK"]
[SourceTitle "EXT 2018"]
[Source "ChessBase"]
[SourceDate "2017.10.13"]
[SourceVersion "1"]
[SourceVersionDate "2017.10.13"]
[SourceQuality "1"]
[WhiteTeam "Kosice Slavia UPJS III"]
[BlackTeam "Bardejov II"]
[WhiteTeamCountry "SVK"]
[BlackTeamCountry "SVK"]

1. e4 e6 2. d3 d5 3. Nd2 Nf6 4. Ngf3 b6 5. b3 c5 6. g3 Bb7 7. Qe2 Nc6 8. exd5 Qxd5 9. c4 Qf5 10. Bg2 0-0-0 11. 0-0 Qxd3 12. Qxd3 Rxd3 13. Ng5 Rd7 14. Nde4 Nxe4 15. Nxe4 Be7 16. Bb2 Nd4 17. f4 Rhd8 18. Rf2 Nf5 19. Re2 Rd1+ 20. Rxd1 Rxd1+ 21. Kf2 Nd4 22. Rd2 Rxd2+ 23. Nxd2 Bxg2 24. Kxg2 g6 25. Kf2 Bf6 26. Ne4 Be7 27. Bxd4 cxd4 28. Ke2 f5 29. Nd2 g5 30. Nf3 gxf4 31. gxf4 Bd6 32. Nxd4 Bxf4 33. Nxe6 Bxh2 34. b4 Be5 35. Nf8 h5 36. Kf3 Bd6 37. Ne6 Bxb4 38. Nd4 h4 39. Nb5 Kb7 40. Nd4 Be1 41. Nxf5 Kc6 42. Ke2 Bg3 43. Kd3 Kc5 44. a3 a6 45. a4 Kb4 46. a5 Kxa5 47. Kc3 Ka4 0-1

[Event "SVK-chT 1516"]
[Site "Slovakia"]
[Date "2016.01.17"]
[Round "6.3"]
[White "Klemanic, Emil"]
[Black "Krak, Tomas"]
[Result "1/2-1/2"]
[WhiteElo "2131"]
[BlackElo "2291"]
[PlyCount "32"]
[EventDate "2015.10.10"]
[EventType "team-tourn"]
[EventRounds "11"]
[EventCountry "SVK"]
[SourceTitle "CBM 170 Extra"]
[Source "ChessBase"]
[SourceDate "2016.02.25"]
[SourceVersion "1"]
[SourceVersionDate "2016.02.25"]
[SourceQuality "1"]
[WhiteTeam "Kosice Slavia"]
[BlackTeam "Humenne Reinter"]
[WhiteTeamCountry "SVK"]
[BlackTeamCountry "SVK"]

1. e4 c5 2. Nc3 Nc6 3. g3 g6 4. Bg2 Bg7 5. d3 d6 6. f4 Rb8 7. Nf3 b5 8. 0-0 b4 9. Ne2 Qb6 10. f5 Nf6 11. Bh3 h6 12. g4 g5 13. Ng3 Bb7 14. Be3 Nd4 15. Bxd4 cxd4 16. Qd2 Kf8 1/2-1/2

[Event "SVK-chT2A 1516"]
[Site "Slovakia"]
[Date "2015.12.06"]
[Round "6.1"]
[White "Klemanic, Emil"]
[Black "Bednar, Jan"]
[Result "1/2-1/2"]
[WhiteElo "2154"]
[BlackElo "2107"]
[PlyCount "64"]
[EventDate "2015.10.17"]
[EventType "team-tourn"]
[EventRounds "11"]
[EventCountry "SVK"]
[SourceTitle "CBM 169 Extra"]
[Source "ChessBase"]
[SourceDate "2015.12.18"]
[SourceVersion "1"]
[SourceVersionDate "2015.12.18"]
[SourceQuality "1"]
[WhiteTeam "Pezinok"]
[BlackTeam "Bratislava Doprastav II"]
[WhiteTeamCountry "SVK"]
[BlackTeamCountry "SVK"]

1. e4 c5 2. Nc3 Nc6 3. g3 g6 4. Bg2 Bg7 5. d3 d6 6. f4 e6 7. Nf3 Nge7 8. 0-0 0-0 9. Be3 a6 10. Qd2 b5 11. e5 Nd5 12. Bf2 dxe5 13. Bxc5 exf4 14. Bxf8 Qxf8 15. Nxd5 exd5 16. Qxf4 Be6 17. d4 Qb4 18. c3 Qxb2 19. Rae1 Qxc3 20. Rd1 h6 21. h4 Rc8 22. Kh2 Qa5 23. Rf2 Qd8 24. Rc2 Nb4 25. Rxc8 Qxc8 26. Rc1 Qd8 27. Qd2 Qa5 28. Qc3 Qa4 29. Qc7 Qxa2 30. Qb8+ Kh7 31. Rc7 Nd3 32. Ra7 Nf2 1/2-1/2